书目信息 |
| 题名: |
突发性洪水预报预警
|
|
| 作者: | 凯文·塞内(KevinSene) 著 | |
| 分册: | ||
| 出版信息: | 北京 中国水利水电出版社 2019 |
|
| 页数: | 397页 | |
| 开本: | 24cm | |
| 丛书名: | ||
| 单 册: | ||
| 中图分类: | P338 , TV698.2 | |
| 科图分类: | ||
| 主题词: | 洪水预报--研究 , 水库--大坝--安全管理--研究 | |
| 电子资源: | ||
| ISBN: | 978-7-5170-7504-2 | |
| 000 | 01092nam0 2200253 45 | |
| 001 | 012001003422 | |
| 005 | 20140130151631.0 | |
| 010 | @a978-7-5170-7504-2@dCNY160.00 | |
| 100 | @a20190716d2019 em y0chiy0110 ea | |
| 101 | 0 | @achi |
| 102 | @aCN@b110000 | |
| 105 | @ay z 000yy | |
| 106 | @ar | |
| 200 | 1 | @a突发性洪水预报预警@9tu fa xing hong shui yu bao yu jing@f(英)凯文·塞内(KevinSene)著@ATu Fa Xing Hong Shui Yu Bao Yu Jing@PTFXHSYBYJ@F( Ying) Kai Wen· Sai Nei(KevinSene) Zhu |
| 210 | @a北京@c中国水利水电出版社@d2019 | |
| 215 | @a397页@d24cm | |
| 330 | @a通过大量水库大坝病险和溃坝的案例,研究了土石坝老化过程和评估方法,分析了水库溃坝机理和规律,总结了土石坝渗流安全、大坝抗震安全等方面的经验和教训,介绍了小型水库安全管理和水库大坝应急预案编制的要求,较系统地总结了病险水库和溃坝防治经验和成果。 | |
| 606 | 0 | @a洪水预报@x研究 |
| 606 | 0 | @a水库@x大坝@x安全管理@x研究 |
| 690 | @aP338@v5 | |
| 690 | @aTV698.2@v5 | |
| 701 | 0 | @c(英)@a凯文·塞内(KevinSene)@9kai wen · sai nei ( K e v i n S e n e )@4著 |
| 801 | 0 | @aCN@b北京卓展@c20191020 |
| 905 | @b1211584-6@dP338@e163@f3 | |
| 突发性洪水预报预警/(英)凯文·塞内(KevinSene)著.-北京:中国水利水电出版社,2019 |
| 397页;24cm |
| ISBN 978-7-5170-7504-2:CNY160.00 |
| 通过大量水库大坝病险和溃坝的案例,研究了土石坝老化过程和评估方法,分析了水库溃坝机理和规律,总结了土石坝渗流安全、大坝抗震安全等方面的经验和教训,介绍了小型水库安全管理和水库大坝应急预案编制的要求,较系统地总结了病险水库和溃坝防治经验和成果。 |
| ● |
| 相关链接 |
|
|
|
|
正题名:突发性洪水预报预警
索取号:P338/163
 
预约/预借
| 序号 | 登录号 | 条形码 | 馆藏地/架位号 | 状态 | 备注 |
| 1 | 1211584 | 212115842 | 第二样本阅览室/ [索取号:P338/163] | 在馆 | |
| 2 | 1211585 | 212115851 | 第三借阅区/ [索取号:P338/163] | 在馆 | |
| 3 | 1211586 | 212115860 | 第三借阅区/ [索取号:P338/163] | 在馆 |